000 00544nam a2200193Ia 4500
008 191130s2009##################000#0#eng##
020 _a9788120327467
040 _aACL
_cACL
082 _a621.382 MAR
100 _aMark, Jon W
245 _aWireless communications and networking
_cJon W. Mark and Weihua Zhuang
260 _aNew Delhi
_c2009
300 _axi, 356 p. : ill. ; 23 cm
650 _aWireless communication
700 _aZhuang, Weihua
990 _a71c4ef58ac10000c4034b8e48caa7307
991 _a186830
999 _c97323
_d97323